000 00775nam a2200265 i 4500
001 16275
003 DO-SdUEMH
005 20260128214436.0
007 ta
008 211105s2006||||dr a|||gr|||| 0|| | spa d
040 _aDO-SdUEMH
_bspa
_erda
041 _aspa
082 1 4 _aRD345.05 E823N 2006
_mRD
_bC348
084 _b08-00182
100 1 _aCASTELLANO ESTRELLA, VICTOR JOSE
_eaut
245 0 _aNuevo Procesal Penal:
_bdos años de jurisprudencia /
_cVíctor José Castellanos Estrella
260 _c2006
264 _aSanto Domingo, República Dominicana :
_c©2006
300 _axiv, 605 páginas :
_c22 cm.
336 _2rdacontent
_atexto
_btxt
337 _2rdamedia
_asin mediación
_bn
338 _2rdacarrier
_avolumen
_bnc
942 _2ddc
_cBK
_n0
999 _c16275
_d16275